| 000 | 02510cam a22001814a 4500 | ||
|---|---|---|---|
| 005 | 20250605164207.0 | ||
| 008 | 250528s ||||||||||||||||||||||||d | ||
| 035 | _a20081 | ||
| 020 | _a9609250300 | ||
| 040 |
_aGR-AtMCL _bgre _dGR-AtMCL _eAACR2 |
||
| 245 | 1 | _aΠραγματογνωμοσύνες 61 Μείζονες Υποθέσεις με Λύσεις (1980 - 2005) / Εγχειρίδιο για Αρχιτέκτονες και Πολιτικούς Μηχανικούς, Εκτιμητές, Μαθηματικούς, Νομικούς, Οικονομολόγους, Σύμβουλους Ακινήτων και Επιχειρήσεων, Τραπεζικούς | |
| 260 |
_bΨηφιακές Εκτυπώσεις Copy Gr, _c2008 |
||
| 520 | _aΕπίτομη Επανέκδοση του συγγραφέα υπό την αιγίδα του Συλλόγου Πολιτικών Μηχανικών Ελλάδος. Βλάβες Κατοικίας από Εκρηκτικά, Εμβαδομέτρηση Διαμερίσματος, Έλεγχος Ποιότητας κι Εκτίμηση Ξυλουργικών και Υαλοπινάκων, Βλάβες Κατοικίας από Εκσκαφέας, Έλεγχος Υγρομόνωσης Ταράτσας, Πρόχειρη Εκτίμηση Οικοπέδου, Έλεγχος Επικάλυψης Στεγών, Ανεπάρκεια Κλιματισμού Επαγγελματικού Χώρου Εμπορικού Κέντρου, Ογκομέτρηση Σκελετού από Ο.Σ., Εκτίμηση Ιδιωτικού Νησιού με Εγκαταστάσεις, Διαίρεση Οικοπέδου, Εκτίμηση Νέου Συγκροτήματος Κατοικιών, Ιδανικές Επικαλύψεις Στεγών από Ο.Σ., Βαριές Βλάβες Διάστρωσηςε Δώματος Πολυκατοικίας, Στατική Ανεπάρκεια από Υπερφόρτιση/ Μετατροπές Μισθίου, Βέλτιστη Αξιοποίηση Οικοπέδου, Παραλαβή Κοινοχρήστων, Εκτίμηση Ακίνητης Περιουσίας, Δυνατές Επιφάνειες Στάθμευσης επί Οικοπέδου με Κτίρια, Αυτοψία Παράνομων Υπερβάσεων, Στατική Ανεπάρκεια-Κατάρευση Ξύλινου Υποστέγου. | ||
| 700 | 1 |
_aΗλιόπουλος Δημήτρης _96135 |
|
| 942 | _cBK | ||
| 999 |
_c5228 _d5228 |
||